| 000 -LEADER |
| fixed length control field |
01071cam a2200277 a 4500 |
| 003 - CONTROL NUMBER IDENTIFIER |
| control field |
OSt |
| 005 - DATE AND TIME OF LATEST TRANSACTION |
| control field |
20200513115627.0 |
| 008 - FIXED-LENGTH DATA ELEMENTS--GENERAL INFORMATION |
| fixed length control field |
091105s2009 ilua b 000 0 eng |
| 020 ## - INTERNATIONAL STANDARD BOOK NUMBER |
| International Standard Book Number |
9780300141122 (hbk.) |
| 082 04 - DEWEY DECIMAL CLASSIFICATION NUMBER |
| Classification number |
727.70977311 |
| Edition number |
22 |
| 100 1# - MAIN ENTRY--PERSONAL NAME |
| Personal name |
Cuno, James B. |
| 245 14 - TITLE STATEMENT |
| Title |
The modern wing : |
| Remainder of title |
Renzo Piano and the Art Institute of Chicago / |
| Statement of responsibility, etc |
James Cuno, Paul Goldberger, and Joseph Rosa ; with a photographic portfolio by Judith Turner ; architectural photography by Paul Warchol. |
| 246 30 - VARYING FORM OF TITLE |
| Title proper/short title |
Renzo Piano and the Art Institute of Chicago |
| 250 ## - EDITION STATEMENT |
| Edition statement |
1st ed. |
| 260 ## - PUBLICATION, DISTRIBUTION, ETC. (IMPRINT) |
| Place of publication, distribution, etc |
Chicago, Ill. : |
| Name of publisher, distributor, etc |
Art Institute of Chicago ; |
| Place of publication, distribution, etc |
New Haven, Conn. : |
| Name of publisher, distributor, etc |
Distributed by Yale University Press, |
| Date of publication, distribution, etc |
c2009. |
| 300 ## - PHYSICAL DESCRIPTION |
| Extent |
167 p. : |
| Other physical details |
ill. (some col.) ; |
| Dimensions |
29 cm. |
| 504 ## - BIBLIOGRAPHY, ETC. NOTE |
| Bibliography, etc |
Includes bibliographical references. |
| 600 10 - SUBJECT ADDED ENTRY--PERSONAL NAME |
| Personal name |
Piano, Renzo. |
| 610 20 - SUBJECT ADDED ENTRY--CORPORATE NAME |
| Corporate name or jurisdiction name as entry element |
Art Institute of Chicago. |
| 651 #0 - SUBJECT ADDED ENTRY--GEOGRAPHIC NAME |
| Geographic name |
Chicago (Ill.) |
| General subdivision |
Buildings, structures, etc. |
| 700 1# - ADDED ENTRY--PERSONAL NAME |
| Personal name |
Goldberger, Paul. |
| 700 1# - ADDED ENTRY--PERSONAL NAME |
| Personal name |
Rosa, Joseph. |
| 700 1# - ADDED ENTRY--PERSONAL NAME |
| Personal name |
Turner, Judith. |
| 700 1# - ADDED ENTRY--PERSONAL NAME |
| Personal name |
Warchol, Paul. |
| 942 ## - ADDED ENTRY ELEMENTS (KOHA) |
| Source of classification or shelving scheme |
|